Legend of Zelda Species - Sudden Death - Statistics

General Stats
  • This quiz has been taken 205 times
  • The average score is 12 of 20
Answers on the Grid
Answers color-coded by a green-red scale on the quiz's grid according to % correct below.
Rito
Cataquack
Stalfos
Newtron
ChuChu
Octorok
Korok
Armos
Fearow
Moblin
Ghini
Guardian
Moldsmal
Master Hand
Minish
Oocca
Husk
Poe
Goron
Dodongo
Mandibug
Murk
Darknut
Deku Baba
Betus
Zora
Tektite
Wizzrobe
Luxio
Keese
 
Answer Stats
Answer % Correct
Korok
86%
Moblin
86%
Rito
83%
ChuChu
73%
Goron
71%
Octorok
71%
Zora
70%
Stalfos
66%
Guardian
64%
Minish
60%
Dodongo
55%
Keese
54%
Poe
54%
Wizzrobe
54%
Darknut
49%
Deku Baba
46%
Armos
43%
Oocca
40%
Tektite
38%
Ghini
30%
No matching quizzes found
Score Distribution
Percent of People with Each Score
Percentile by Number Answered
Your Score History
You have not taken this quiz